书目信息 |
| 题名: |
管理何必硬碰硬
|
|
| 作者: | 江鸿生 编著 | |
| 分册: | ||
| 出版信息: | 北京 中国纺织出版社 2005.07 |
|
| 页数: | 362页 | |
| 开本: | 23cm | |
| 丛书名: | ||
| 单 册: | ||
| 中图分类: | F270 | |
| 科图分类: | ||
| 主题词: | 企业管理--qi ye guan li | |
| 电子资源: | ||
| ISBN: | 7-5064-3379-6 | |
| 000 | 00880nam0 2200229 450 | |
| 001 | 012006371606 | |
| 005 | 20060701100206.98 | |
| 010 | @a7-5064-3379-6@dCNY32.00 | |
| 100 | @a20060611d2005 km y0chiy0120 ea | |
| 101 | 0 | @achi |
| 102 | @aCN@b110000 | |
| 105 | @ay z 000yy | |
| 200 | 1 | @a管理何必硬碰硬@Aguan li he bi ying peng ying@e以人为本挑战管人与用人@f江鸿生编著@Fjiang hong sheng bian zhu |
| 210 | @a北京@c中国纺织出版社@d2005.07 | |
| 215 | @a362页@d23cm | |
| 330 | @a本书分为十四章,主要包括:21世纪的新管理手段、管理中的冲突、在沟通中消弭冲突、冲突与性格、如何搞定你的客户、协调出最佳拍档、管理人偏见与傲慢等内容。 | |
| 517 | 1 | @a以人为本挑战管人与用人@Ayi ren wei ben tiao zhan guan ren yu yong ren |
| 606 | 0 | @a企业管理@Aqi ye guan li |
| 690 | @aF270@v4 | |
| 701 | 0 | @a江鸿生@Ajiang hong sheng@4编著 |
| 801 | 0 | @aCN@bQSSK@c20060701 |
| 905 | @a10447@dF270@eJ366 | |
| 管理何必硬碰硬:以人为本挑战管人与用人/江鸿生编著.-北京:中国纺织出版社,2005.07 |
| 362页;23cm |
| ISBN 7-5064-3379-6:CNY32.00 |
| 本书分为十四章,主要包括:21世纪的新管理手段、管理中的冲突、在沟通中消弭冲突、冲突与性格、如何搞定你的客户、协调出最佳拍档、管理人偏见与傲慢等内容。 |
| ● |
| 相关链接 |
|
|
|
正题名:管理何必硬碰硬
索取号:F270/J366
 
预约/预借
| 序号 | 登录号 | 条形码 | 馆藏地/架位号 | 状态 | 备注 |
| 1 | 583316 | 205833160 | 社科库409/409社科库 83排2列5层/ [索取号:F270/J366] | 在馆 | |
| 2 | 583317 | 205833179 | 社科库409/409社科库 83排2列5层/ [索取号:F270/J366] | 在馆 | |
| 3 | 583318 | 205833188 | 社科库409/409社科库 83排2列5层/ [索取号:F270/J366] | 在馆 |